Thesis Open Access
DIRES DELESSA ALEMU
<?xml version='1.0' encoding='UTF-8'?>
<record xmlns="http://www.loc.gov/MARC21/slim">
<leader>00000nam##2200000uu#4500</leader>
<controlfield tag="005">20251208114037.0</controlfield>
<controlfield tag="001">22558</controlfield>
<datafield tag="856" ind1="4" ind2=" ">
<subfield code="s">1889993</subfield>
<subfield code="z">md5:19f139de776d136259562b0ff52a719a</subfield>
<subfield code="u">https://zenodo.org/record/22558/files/Dires Thesis Result send to public health department.pdf</subfield>
</datafield>
<datafield tag="542" ind1=" " ind2=" ">
<subfield code="l">open</subfield>
</datafield>
<datafield tag="260" ind1=" " ind2=" ">
<subfield code="c">2025-12-08</subfield>
</datafield>
<datafield tag="909" ind1="C" ind2="O">
<subfield code="o">oai:zenodo.org:22558</subfield>
</datafield>
<datafield tag="100" ind1=" " ind2=" ">
<subfield code="a">DIRES DELESSA ALEMU</subfield>
</datafield>
<datafield tag="245" ind1=" " ind2=" ">
<subfield code="a">WEIGHT GAIN AND ITS ASSOCIATED FACTORS AMONG ADULT TUBERCULOSIS PATIENTS WHO ATTENDED THEIR TREATMENT DURING THE FIRST TWO MONTHS OF INTENSIVE PHASE FOLLOW UP IN EAST GOJJAM ZONE PUBLIC HEALTH INSTITUTIONS, NORTH WEST ETHIOPIA, 2025, A MIXED STUDY.</subfield>
</datafield>
<datafield tag="540" ind1=" " ind2=" ">
<subfield code="u">http://www.opendefinition.org/licenses/cc-by</subfield>
<subfield code="a">Creative Commons Attribution</subfield>
</datafield>
<datafield tag="650" ind1="1" ind2="7">
<subfield code="a">cc-by</subfield>
<subfield code="2">opendefinition.org</subfield>
</datafield>
<datafield tag="520" ind1=" " ind2=" ">
<subfield code="a"><p>WEIGHT GAIN AND ITS ASSOCIATED FACTORS AMONG ADULT TUBERCULOSIS PATIENTS WHO ATTENDED THEIR TREATMENT DURING THE FIRST TWO MONTHS OF INTENSIVE PHASE FOLLOW UP IN EAST GOJJAM ZONE PUBLIC HEALTH INSTITUTIONS, NORTH WEST ETHIOPIA, 2025, A MIXED STUDY.</p></subfield>
</datafield>
<datafield tag="773" ind1=" " ind2=" ">
<subfield code="n">doi</subfield>
<subfield code="i">isVersionOf</subfield>
<subfield code="a">10.20372/nadre:22557</subfield>
</datafield>
<datafield tag="024" ind1=" " ind2=" ">
<subfield code="a">10.20372/nadre:22558</subfield>
<subfield code="2">doi</subfield>
</datafield>
<datafield tag="980" ind1=" " ind2=" ">
<subfield code="a">publication</subfield>
<subfield code="b">thesis</subfield>
</datafield>
</record>
| All versions | This version | |
|---|---|---|
| Views | 0 | 0 |
| Downloads | 0 | 0 |
| Data volume | 0 Bytes | 0 Bytes |
| Unique views | 0 | 0 |
| Unique downloads | 0 | 0 |